Representaciones sobre la violencia entre jóvenes: estigma, miedo y exclusión = Representations of violence among youths : stigma, fear and exclusion /
En este artículo se destacan los discursos y las representaciones de la juventud sobre el fenómeno de la violencia, así como la relación que existe entre juventud y la policía, dentro de los mecanismos de control de las prácticas policiales. De este modo, se basó en dos investigaciones: una específi...
Guardado en:
| Autor principal: | |
|---|---|
| Formato: | Texto |
| Materias: | |
| Etiquetas: |
Agregar Etiqueta
Sin Etiquetas, Sea el primero en etiquetar este registro!
|
MARC
| LEADER | 00000 a a2200000 04500 | ||
|---|---|---|---|
| 001 | 40631 | ||
| 003 | |||
| 040 | |||
| 100 | |a Barreira, César | ||
| 245 | |a Representaciones sobre la violencia entre jóvenes: estigma, miedo y exclusión = |b Representations of violence among youths : stigma, fear and exclusion / |c César Barreira | ||
| 500 | |a cbarreira8@uol.com.br | ||
| 520 | |a En este artículo se destacan los discursos y las representaciones de la juventud sobre el fenómeno de la violencia, así como la relación que existe entre juventud y la policía, dentro de los mecanismos de control de las prácticas policiales. De este modo, se basó en dos investigaciones: una específica sobre juventud, violencia ciudadanía y, otra sobre seguridad pública en la ciudad de Fortaleza-Brasil. En casi todos los casos las víctimas preferenciales de la violencia son los jóvenes que pertenecen a las clases populares, en las cuales hay una producción social y un sentimiento del miedo que, de manera progresiva, se va generalizando y penetrando en el tejido de la sociedad. Las relaciones entre las instituciones policiales y los jóvenes se encuentran marcadas por la desconfianza mutua y por prácticas de violencia física. Algunos sectores de la policía piensan la sociedad y realizan sus actividades de vigilancia y control bajo la lógica de la dominación territorial del Estado. | ||
| 590 | |a DISEMINAR122010/RRA/ENERO2011 | ||
| 650 | |a 1..VIOLENCIA | ||
| 650 | |a 2.REPRESENTACION SOCIAL | ||
| 650 | |a 3.JUVENTUD URBANA | ||
| 650 | |a 4.GRUPOS DE BAJOS INGRESOS | ||
| 650 | |a 5.POLICIA | ||
| 650 | |a 6.VICTIMAS | ||
| 650 | |a 7.BRASIL | ||
| 773 | |g volumen18, número2 ( , 2009), páginas 219-234 | ||
| 999 | |c 27818 |d 27818 | ||
